Aprendizaje reflexivo en la educación superior.

Guardat en:
Dades bibliogràfiques
Autor principal: Brockbank, Anne (autora)
Altres autors: McGill, Ian (autor)
Format: Llibre
Idioma:espanyol
Publicat: Madrid, España: Ediciones Morata, 2002.
Edició:Primera edición
Matèries:
Etiquetes: Afegir etiqueta
Sense etiquetes, Sigues el primer a etiquetar aquest registre!

MARC

LEADER 00000nam a2200000 a 4500
001 UCM4462
003 CL-VaPUC
005 20230705150653.0
008 020823e20020000SP |||||||||||||||||spa|d
999 |c 301179  |d 301177 
020 |a 978-84-7112-452-4 
040 |c Pontificia Universidad Católica de Valparaíso 
082 0 4 |a 378.001 BRO 2002  |2 21 
100 0 |a Brockbank, Anne  |e autora  |9 471033 
245 1 0 |a Aprendizaje reflexivo en la educación superior. 
250 |a Primera edición 
260 |a Madrid, España:  |b Ediciones Morata,  |c 2002. 
300 |a 311 páginas. 
500 |a c.5 Donación Escuela Pedagogía PUCV. Mayo 2023. 
583 |a last modification  |c 20020823 00:00:00  |k Rodrigo Vera 
650 0 |a Filosofía de la educación   |9 258384 
650 0 |a Educación superior   |9 223851 
650 0 |a Aprendizaje   |9 254827 
650 0 |a Métodos de aprendizaje  |9 334464 
700 0 |a McGill, Ian  |e autor  |9 471034 
942 |c BK  |2 ddc 
945 |d 20020823 00:00:00  |a cmena 
952 |0 0  |1 0  |4 0  |6 378_001000000000000_BRO_2002  |7 0  |8 A  |9 359925  |a BIBEDU  |b BIBEDU  |d 2019-11-21  |i 3838137  |o 378.001 BRO 2002  |p 3838137  |r 2019-11-21  |w 2019-11-21  |y BK  |k PSI 
952 |0 0  |1 0  |4 0  |6 378_001000000000000_BRO_2002  |7 0  |8 A  |9 359926  |a BIBEDU  |b BIBEDU  |d 2019-11-21  |i 4072863  |o 378.001 BRO 2002  |p 4072863  |r 2019-11-21  |w 2019-11-21  |y BK  |k BME 
952 |0 0  |1 0  |4 0  |6 378_001000000000000_BRO_2002  |7 0  |8 A  |9 359927  |a BIBEDU  |b BIBEDU  |d 2019-11-21  |i 4072871  |o 378.001 BRO 2002  |p 4072871  |r 2019-11-21  |w 2019-11-21  |y BK  |k EDU 
952 |0 0  |1 0  |4 0  |6 378_001000000000000_BRO_2002  |7 0  |8 A  |9 359928  |a BIBGIM  |b BIBGIM  |d 2019-11-21  |i 407288K  |o 378.001 BRO 2002  |p 407288K  |r 2025-01-15  |w 2019-11-21  |y BK  |k GIM 
952 |0 0  |1 0  |2 ddc  |4 0  |6 378_001000000000000_BRO_2002  |7 0  |8 A  |9 590660  |a BIBEDU  |b BIBEDU  |c GEN  |d 2023-07-04  |e Donación  |i 5657863  |l 2  |o 378.001 BRO 2002  |p 5657863  |r 2024-07-11  |s 2024-07-08  |t 5  |w 2023-07-04  |y BK  |k EBA